EMERGING RURAL LEADERSHIP IN AN INDIAN ATATE (Record no. 8889)
[ view plain ]
| 000 -LEADER | |
|---|---|
| fixed length control field | 00446nam a22001457a 4500 |
| 003 - CONTROL NUMBER IDENTIFIER | |
| control field | SGT |
| 082 ## - DEWEY DECIMAL CLASSIFICATION NUMBER | |
| Classification number | 352.007 220 954 4, CHA |
| 100 ## - MAIN ENTRY--PERSONAL NAME | |
| Personal name | CHOUDHARY, D S |
| 245 ## - TITLE STATEMENT | |
| Title | EMERGING RURAL LEADERSHIP IN AN INDIAN ATATE |
| 260 ## - PUBLICATION, DISTRIBUTION, ETC. (IMPRINT) | |
| Place of publication, distribution, etc | NEW DELHI |
| Name of publisher, distributor, etc | MANTHAN PUBLICATIONS |
| Year of Publication | 1981 |
| 300 ## - PAGE DESCRIPTION | |
| No. of Pages | 124 |
| 650 ## - SUBJECT ADDED ENTRY--TOPICAL TERM | |
| Topical term or geographic name as entry element | MANAGEMENT |
| 653 ## - KEYWORDS--INDEX TERM | |
| Keyword term | RAJASTHAN -AN ECOLOGICAL PROFILE, SOCI- ECONOMIC BACKGROUND OF LEADERS KNOWLEDGE ABILITY AND AWARCNESS |
| 942 ## - ADDED ENTRY ELEMENTS (KOHA) | |
| Source of classification or shelving scheme | Dewey Decimal Classification |
| Koha item type | FCM Books |
| Withdrawn status | Lost status | Source of classification or shelving scheme | Damaged status | Not for loan | Collection code | Home library | Current library | Shelving location | Date acquired | Vendor Name | SGTU | Total Checkouts | Full call number | Accession No. (Barcode) | Date last seen | Bill Date | Koha item type |
|---|---|---|---|---|---|---|---|---|---|---|---|---|---|---|---|---|---|
| Dewey Decimal Classification | COMMERCE MANAGEMENT | SGT Science & Social Sciences Library | SGT Science & Social Sciences Library | Text Book | 02/06/2016 | GIFT | SGTU | 352.007 220 954 4, CHA | CM316 | 02/06/2016 | 02/06/2016 | FCM Books |